00846cam a22002291 4500001001300000003000400013005001700017008004100034010001700075035001900092040005000111050002100161082001100182110003300193245015400226260002200380300001700402500008900419650001800508650002900526711006100555l 59000104 DLC20260227111545.0810108m19581959sz 000 0 eng c al 59000104  a(OCoLC)7052902 aU.S. Dept. of Labor. LibrarycMChBdMChBdDLC00aHD6476b.I6 1959 a331.152 aInternational Labour Office.10aCollaboration between public authorities and employers' and workers' organisations at the industrial and national levels.bEighth item on the agenda. aGeneva,c1958-59. a2 v.c24 cm. aAt head of title: Report 8 (1)-(2) International Labour Conference. 43d sess., 1959. 0aLabor unions. 0aEmployers' associations.2 aInternational Labor Conference.n(43d :d1959 :cGeneva)